[Event "San Francisco TNM Fall op"]
[Site "San Francisco"]
[Date "2011.11.15"]
[Round "5"]
[White "Ganem, Paul"]
[Black "Keiper, Ryan"]
[Result "0-1"]
[WhiteElo "1845"]
[BlackElo "1520"]
[PlyCount "56"]
[EventDate "2011.10.18"]
[EventType "swiss"]
[EventRounds "9"]
[EventCountry "USA"]
[SourceTitle "EXT 2016"]
[Source "ChessBase"]
[SourceDate "2015.10.08"]
[SourceVersion "1"]
[SourceVersionDate "2015.10.08"]
[SourceQuality "1"]

1. e4 c6 2. d4 d5 3. exd5 cxd5 4. c4 Nf6 5. Nc3 e6 6. Nf3 Bb4 7. a3 Bxc3+ 8. bxc3 Qc7 9. cxd5 exd5 10. Bb5+ Bd7 11. Bxd7+ Nbxd7 12. 0-0 0-0 13. Qb3 Rac8 14. Bg5 Qxc3 15. Qxb7 Rb8 16. Qa6 Ne4 17. Rac1 Qb2 18. Bf4 Rb7 19. Qc6 Ndf6 20. Rc2 Qb3 21. Rfc1 Rb6 22. Qc7 Qxa3 23. Ne5 Rb2 24. Rxb2 Qxb2 25. Nd3 Qxd4 26. Qc2 Nxf2 27. Be3 Qxd3 28. Qxf2 Ng4 0-1